| 000 | 00352nam a22001457a 4500 | ||
|---|---|---|---|
| 008 | 250303b |||||||| |||| 00| 0 eng d | ||
| 020 | _a9780323597791 | ||
| 050 |
_aQP34.5 _b.P38 |
||
| 100 | _aPatton Kevin | ||
| 245 | _aStructure and Function of the body | ||
| 250 | _a16th | ||
| 260 |
_aMissouri _bElsevier _c2020 |
||
| 300 | _axxii,512p | ||
| 942 | _cBK | ||
| 999 |
_c2035 _d2035 |
||